LEADER 00809nam0-22003011i-450- 001 990000450920403321 005 20090409112539.0 010 $a0-901223-94-8 035 $a000045092 035 $aFED01000045092 035 $a(Aleph)000045092FED01 035 $a000045092 100 $a20020821d1977----km-y0itay50------ba 101 0 $aeng 105 $aa-------001yy 200 1 $aSupervisory remote control systems$fR. E. Young 210 $aEngland$cPeter Peregrinus$d©1977 215 $a195 p.$cill.$d23 cm 225 1 $aIEE control engineering series$v[4] 610 0 $aControllo remoto 676 $a620.46 700 1$aYoung,$bR. E. 801 0$aIT$bUNINA$gRICA$2UNIMARC 901 $aBK 912 $a990000450920403321 952 $a10 D III 71$b19877$fDINEL 959 $aDINEL 997 $aUNINA LEADER 01058nam a2200277 i 4500 001 991000660839707536 005 20020509173655.0 008 990421s1929 us ||| | eng 020 $a0674992571 035 $ab11391418-39ule_inst 035 $aPARLA212885$9ExL 040 $aDip.to Scienze dell'Antichità$bita 041 0 $aeng$agrc$hgrc 100 1 $aPlato$0292329 245 10$aTimaeus; Critias ; Cleitophon ; Menexenus ; Epistles /$cPlato ; with en english translation by R.G. Bury 260 $aCambridge, Mass. ; London :$bHarvard University Press,$c1929 (ristampa 1989) 300 $aVIII, 635 p. ;$c17 cm. 440 4$aThe Loeb classical library [Autori greci] ;$v234 500 $aTesto greco a fronte 700 1 $aBury, Robert Gregg 907 $a.b11391418$b02-04-14$c01-07-02 912 $a991000660839707536 945 $aLE007 LOEB Plato 09$g1$i2015000037800$lle007$o-$pE0.00$q-$rn$so $t0$u0$v0$w0$x0$y.i11576807$z01-07-02 996 $aClitophon$919164 997 $aUNISALENTO 998 $ale007$b01-01-99$cm$da $e-$feng$gus $h0$i1